Genaueres zur Bestimmung der Fachsprache anhand der deutschen Sprache

Uložené v:
Podrobná bibliografia
Hlavný autor: Seresová, Katarína, 1967-
Médium: Kapitola
Jazyk:German
Predmet:
Tagy: Pridať tag
Žiadne tagy, Buďte prvý, kto otaguje tento záznam!

MARC

LEADER 00000naa$a2200000$$$4500
001 0241606
005 20250702101151.0
041 0 |a ger 
044 |a DE 
245 1 0 |a Genaueres zur Bestimmung der Fachsprache anhand der deutschen Sprache  |c Katarína Seresová 
610 2 0 |a jazyky cudzie 
610 2 0 |a nemčina 
610 2 0 |a jazyk odborný 
610 2 0 |a terminológia 
100 1 |a Seresová, Katarína, 1967-